[Event "Semiahmoo op Premier"]
[Site "White Rock CAN"]
[Date "2017.08.06"]
[Round "3.4"]
[White "Hiebert, Kenji"]
[Black "Lee, Vicente jr."]
[Result "1/2-1/2"]
[WhiteElo "2031"]
[BlackElo "2312"]
[PlyCount "98"]
[EventDate "2017.08.05"]
[EventType "swiss"]
[EventRounds "6"]
[EventCountry "CAN"]

1. Nf3 Nf6 2. c4 e6 3. Nc3 d5 4. d4 c6 5. Bg5 Nbd7 6. e3 Be7 7. Bd3 O-O 8. O-O
dxc4 9. Bxc4 Nd5 10. Bxe7 Qxe7 11. e4 N5b6 12. Bb3 e5 13. Nxe5 Nxe5 14. dxe5
Qxe5 15. Qe2 Be6 16. Bxe6 Qxe6 17. Rfd1 Rae8 18. Re1 f5 19. exf5 Qxe2 20. Rxe2
Rxe2 21. Nxe2 Rxf5 22. Nc3 Nd5 23. Rd1 Kf7 24. Nxd5 cxd5 25. Rc1 Re5 26. f4 Re7
27. Kf2 Kf6 28. g4 g6 29. Kf3 h5 30. gxh5 gxh5 31. Rd1 Rd7 32. Re1 d4 33. Rd1
Kf5 34. b4 b5 35. Rg1 d3 36. Ke3 h4 37. Rg5+ Kf6 38. Kd2 a6 39. Rh5 Rd4 40.
Rxh4 Rxb4 41. Rh6+ Kf5 42. Rxa6 Rb2+ 43. Kxd3 Rxh2 44. Kc3 Kxf4 45. a3 Ke5 46.
Rb6 Kd5 47. Rxb5+ Kc6 48. Rb1 Rh4 49. Rb4 Rxb4 1/2-1/2

[Event "Semiahmoo op Premier"]
[Site "White Rock CAN"]
[Date "2017.08.06"]
[Round "4.5"]
[White "Lee, Vicente jr."]
[Black "Hemstapat, Andrew"]
[Result "1-0"]
[WhiteElo "2312"]
[BlackElo "1993"]
[PlyCount "101"]
[EventDate "2017.08.05"]
[EventType "swiss"]
[EventRounds "6"]
[EventCountry "CAN"]

1. d4 Nf6 2. Nf3 g6 3. c4 Bg7 4. Nc3 d6 5. e4 O-O 6. Be2 e5 7. O-O Nc6 8. d5
Ne7 9. Ne1 Nd7 10. Be3 f5 11. f3 f4 12. Bf2 g5 13. g4 Ng6 14. b4 Nf6 15. Rc1 h5
16. h3 Rf7 17. c5 Bf8 18. Qc2 Be7 19. Kg2 Qf8 20. Rh1 a6 21. cxd6 Bxd6 22. b5
a5 23. b6 Bc5 24. Nd1 Bxf2 25. Nxf2 Nh4+ 26. Kf1 cxb6 27. Qb2 Qd6 28. Ned3 Re7
29. Rb1 Nd7 30. gxh5 Nf6 31. Rg1 Nh7 32. Qxb6 Ra6 33. Qb2 Kf8 34. Ng4 Nf6 35.
Ndxe5 Qc5 36. Nd3 Qa7 37. Ndf2 Rf7 38. Qe5 Bxg4 39. hxg4 Rb6 40. Rc1 Ne8 41.
Qxg5 Nxf3 42. Bxf3 Rb2 43. Qh4 Qe3 44. Kg2 Rg7 45. Rc8 Kf7 46. Rf1 Rxa2 47. h6
Ra3 48. hxg7 Qxf3+ 49. Kg1 Qe2 50. g8=Q+ Kxg8 51. Rxe8+ 1-0

[Event "Semiahmoo op Premier"]
[Site "White Rock CAN"]
[Date "2017.08.07"]
[Round "5.3"]
[White "Doknjas, Neil"]
[Black "Lee, Vicente jr."]
[Result "0-1"]
[WhiteElo "1866"]
[BlackElo "2312"]
[PlyCount "96"]
[EventDate "2017.08.05"]
[EventType "swiss"]
[EventRounds "6"]
[EventCountry "CAN"]

1. e4 c5 2. Nf3 d6 3. d4 cxd4 4. Nxd4 Nf6 5. Nc3 a6 6. f3 e5 7. Nb3 Be6 8. Be3
Be7 9. Qd2 O-O 10. O-O-O Qc7 11. g4 Rc8 12. g5 Nh5 13. Kb1 Nd7 14. h4 Nb6 15.
Bxb6 Qxb6 16. Bh3 Nf4 17. Bxe6 fxe6 18. Ne2 Rf8 19. Nxf4 Rxf4 20. Qg2 Re8 21.
Ka1 a5 22. Nc1 Qc6 23. Nd3 Rff8 24. Rhf1 Bd8 25. f4 exf4 26. Nxf4 a4 27. a3 b5
28. Nh5 Kh8 29. g6 Qc5 30. Nf4 Bf6 31. c3 h6 32. Qh3 Qc4 33. Nh5 Be5 34. Rf7 b4
35. cxb4 Qe2 36. Rb1 Qxh5 37. Qxe6 Rg8 38. Qf5 Qe2 39. Rc7 Qd3 40. Qf7 Qxa3+
41. Qa2 Qxb4 42. Rc4 Qb3 43. Rxa4 Qxa4 44. Qxa4 Ra8 45. Qa2 Rgb8 46. h5 Bf6 47.
Rd1 Bxb2+ 48. Kb1 Be5+ 0-1

[Event "Semiahmoo op Premier"]
[Site "White Rock CAN"]
[Date "2017.08.07"]
[Round "6.2"]
[White "Doknjas, Joshua"]
[Black "Lee, Vicente jr."]
[Result "1/2-1/2"]
[WhiteElo "2203"]
[BlackElo "2312"]
[PlyCount "177"]
[EventDate "2017.08.05"]
[EventType "swiss"]
[EventRounds "6"]
[EventCountry "CAN"]

1. e4 c5 2. Nf3 d6 3. d4 cxd4 4. Nxd4 Nf6 5. Nc3 a6 6. h3 e6 7. g4 b5 8. Bg2
Bb7 9. O-O Qc7 10. g5 Nfd7 11. f4 b4 12. Nce2 Nc5 13. Ng3 Nc6 14. Nxc6 Bxc6 15.
b3 Rd8 16. Bb2 Qb7 17. Re1 h6 18. Qh5 g6 19. Qh4 e5 20. fxe5 Bg7 21. gxh6 Rxh6
22. Qg4 dxe5 23. Nf5 gxf5 24. Qxg7 Rg6 25. Qh8+ Ke7 26. Qh4+ Ke8 27. Rad1 Rxd1
28. Rxd1 Ne6 29. Qh8+ Ke7 30. Bxe5 Qb6+ 31. Kh1 f6 32. Qh7+ Rg7 33. Bd6+ Kf7
34. Qh5+ Kg8 35. Qxf5 Kf7 36. Qh5+ Rg6 37. Rf1 Ng7 38. Qh8 Qb7 39. Qf8+ Ke6 40.
Bxb4 Ne8 41. Qc5 Kf7 42. Qf8+ Ke6 43. Bc3 Qb5 44. Qb4 Qg5 45. Qc4+ Kd7 46. Rd1+
Nd6 47. Qe2 Kc7 48. Qd2 Qxd2 49. Rxd2 Nxe4 50. Bxe4 Bxe4+ 51. Kh2 Kc6 52. Bd4
f5 53. Be3 Kb5 54. a3 a5 55. c4+ Kc6 56. b4 a4 57. b5+ Kb7 58. c5 Re6 59. Bf4
Re7 60. c6+ Kb6 61. c7 Bb7 62. Rc2 Bc8 63. Rb2 Re4 64. Bd6 Rd4 65. Bg3 Rd3 66.
Ra2 f4 67. Bxf4 Rxh3+ 68. Kg2 Kxb5 69. Bg3 Rh8 70. Rb2+ Ka6 71. Rb4 Bd7 72. Rb8
Bc8 73. Kf2 Re8 74. Bh4 Rh8 75. Bd8 Bf5 76. Ke1 Rh1+ 77. Kd2 Rh2+ 78. Kc3 Rc2+
79. Kd4 Bh3 80. Ke5 Rc3 81. Kd4 Rc1 82. Rb4 Bd7 83. Kd5 Rd1+ 84. Kc5 Rc1+ 85.
Kd6 Bb5 86. Bf6 Rc6+ 87. Kd7 Rxf6+ 88. Rxb5 Rf7+ 89. Kd6 1/2-1/2

[Event "Paul Keres mem (36th)"]
[Site "Richmond CAN"]
[Date "2011.05.20"]
[Round "1.4"]
[White "Kong, Dezheng"]
[Black "Lee, Vicente jr."]
[Result "0-1"]
[WhiteElo "2053"]
[BlackElo "2331"]
[PlyCount "86"]
[EventDate "2011.05.20"]
[EventType "swiss"]
[EventRounds "7"]
[EventCountry "CAN"]

1. d4 d5 2. Nf3 Nf6 3. e3 c5 4. b3 Nc6 5. Bb2 Bg4 6. Be2 e6 7. O-O Bd6 8. Nbd2
O-O 9. h3 Bh5 10. Ne5 Bxe2 11. Qxe2 cxd4 12. exd4 Rc8 13. Ndf3 h6 14. c4 Qe7
15. Rac1 Rfd8 16. Rfd1 Ba3 17. c5 Bxb2 18. Qxb2 Ne4 19. b4 Qf6 20. b5 Ne7 21.
c6 bxc6 22. bxc6 Rc7 23. Qb4 Ng6 24. Nxg6 Qxg6 25. Ne5 Qg5 26. Rf1 Rdc8 27. f4
Qh5 28. Rf3 f6 29. Nd3 Qe8 30. Qa4 Rxc6 31. Rxc6 Qxc6 32. Qxa7 Ra8 33. Qe7 Rxa2
34. Kh2 Rd2 35. Nb4 Qb6 36. Qe8+ Kh7 37. Nc6 Qb2 38. Rg3 Nxg3 39. Kxg3 Rxg2+
40. Kh4 Qf2+ 41. Kh5 Qf3+ 42. Kh4 Qxf4+ 43. Kh5 Qg5# 0-1

[Event "Paul Keres mem (36th)"]
[Site "Richmond CAN"]
[Date "2011.05.21"]
[Round "2.2"]
[White "Lee, Vicente jr."]
[Black "Willis, Bradley"]
[Result "1-0"]
[WhiteElo "2331"]
[BlackElo "2156"]
[PlyCount "63"]
[EventDate "2011.05.20"]
[EventType "swiss"]
[EventRounds "7"]
[EventCountry "CAN"]

1. d4 Nf6 2. Nf3 g6 3. g3 Bg7 4. Bg2 O-O 5. O-O d6 6. c4 a5 7. Nc3 Nc6 8. d5
Nb8 9. e4 Bg4 10. h3 Bxf3 11. Qxf3 e5 12. dxe6 fxe6 13. Qe2 e5 14. Be3 Nc6 15.
Nb5 b6 16. Rad1 Qe7 17. Qc2 Rae8 18. Qa4 Nd8 19. a3 Ne6 20. b4 Ra8 21. Qc2 Ne8
22. Qd2 Qd7 23. h4 Bf6 24. Bh3 N8g7 25. Bh6 Rf7 26. Bxg7 Kxg7 27. Nxc7 Qxc7 28.
Bxe6 Rff8 29. Qxd6 Qxd6 30. Rxd6 axb4 31. axb4 Rab8 32. Rd7+ 1-0

[Event "Paul Keres mem (36th)"]
[Site "Richmond CAN"]
[Date "2011.05.21"]
[Round "3.2"]
[White "Gentes, Kevin"]
[Black "Lee, Vicente jr."]
[Result "1/2-1/2"]
[WhiteElo "2270"]
[BlackElo "2331"]
[PlyCount "51"]
[EventDate "2011.05.20"]
[EventType "swiss"]
[EventRounds "7"]
[EventCountry "CAN"]

1. Nf3 d5 2. c4 e6 3. d4 Nf6 4. Nc3 c6 5. cxd5 exd5 6. Bg5 Be7 7. e3 Be6 8. Bd3
Nbd7 9. Qc2 O-O 10. h3 h6 11. Bf4 Re8 12. O-O Nf8 13. Ne5 N6d7 14. Rab1 Nxe5
15. Bxe5 Bd6 16. Bxd6 Qxd6 17. Na4 Re7 18. b4 b6 19. Rfc1 Rc8 20. Nc3 Bd7 21.
Ne2 Ne6 22. Bf5 g6 23. Bxe6 Rxe6 24. Nf4 Rf6 25. Rb3 Be6 26. Qb2 1/2-1/2

[Event "Paul Keres mem (36th)"]
[Site "Richmond CAN"]
[Date "2011.05.22"]
[Round "4.3"]
[White "Lee, Vicente jr."]
[Black "Doroshenko, Maxim"]
[Result "0-1"]
[WhiteElo "2331"]
[BlackElo "2295"]
[PlyCount "88"]
[EventDate "2011.05.20"]
[EventType "swiss"]
[EventRounds "7"]
[EventCountry "CAN"]

1. d4 Nf6 2. Nf3 e6 3. c4 Bb4+ 4. Bd2 Qe7 5. Nc3 b6 6. g3 d5 7. Bg2 Bb7 8. cxd5
exd5 9. O-O O-O 10. Rc1 c6 11. Re1 Nbd7 12. a3 Bxc3 13. Rxc3 Ne4 14. Rc1 c5 15.
Be3 c4 16. Nd2 Ndf6 17. Nxe4 Nxe4 18. Bf4 g5 19. Bd2 Nxd2 20. Qxd2 b5 21. Rc3
Rfe8 22. Re3 Qf6 23. Rf3 Qg6 24. Qb4 a6 25. Rc3 Rad8 26. b3 Bc8 27. Rcc1 Qd6
28. Qd2 h6 29. a4 Bf5 30. bxc4 dxc4 31. e4 Bg6 32. d5 f5 33. exf5 Bxf5 34. axb5
axb5 35. Qd4 Bg6 36. h4 gxh4 37. Qxh4 Kh7 38. Rxe8 Rxe8 39. Ra1 Re7 40. Ra8 c3
41. Rc8 c2 42. Qd4 Qe5 43. Qc5 b4 44. Qxb4 Qe1+ 0-1

[Event "Paul Keres mem (36th)"]
[Site "Richmond CAN"]
[Date "2011.05.22"]
[Round "5.6"]
[White "Lee, Vicente jr."]
[Black "Chen, Howard"]
[Result "1/2-1/2"]
[WhiteElo "2331"]
[BlackElo "2216"]
[PlyCount "57"]
[EventDate "2011.05.20"]
[EventType "swiss"]
[EventRounds "7"]
[EventCountry "CAN"]

1. e4 c5 2. Nf3 e6 3. d3 Nc6 4. g3 d5 5. Nbd2 Bd6 6. Bg2 Nge7 7. O-O O-O 8. Nh4
Bc7 9. f4 f5 10. Nhf3 b6 11. Re1 h6 12. exd5 exd5 13. d4 Bb7 14. c3 Qd7 15. Nf1
Rae8 16. Be3 c4 17. Ne5 Bxe5 18. dxe5 Nd8 19. b3 Qc8 20. Nd2 Kh8 21. b4 Ne6 22.
Nf3 Nc6 23. Bd4 Rf7 24. h4 Qc7 25. Qd2 Rd8 26. Rad1 Kg8 27. Qc2 Rff8 28. Re2 h5
29. Red2 1/2-1/2

[Event "Paul Keres mem (36th)"]
[Site "Richmond CAN"]
[Date "2011.05.23"]
[Round "6.5"]
[White "Lee, Vicente jr."]
[Black "Toubale, Tarek"]
[Result "0-1"]
[WhiteElo "2331"]
[BlackElo "2280"]
[PlyCount "80"]
[EventDate "2011.05.20"]
[EventType "swiss"]
[EventRounds "7"]
[EventCountry "CAN"]

1. d4 Nf6 2. c4 g6 3. g3 Bg7 4. Bg2 O-O 5. Nc3 d6 6. Nf3 Nc6 7. O-O Bf5 8. Nh4
Bd7 9. h3 Qc8 10. d5 Na5 11. Qd3 c5 12. Kh2 a6 13. Rb1 b5 14. b3 Rb8 15. cxb5
axb5 16. Qe3 b4 17. Na4 Bxa4 18. bxa4 Qd7 19. Qd2 Qxa4 20. e4 Nd7 21. Qe2 c4
22. Bg5 Rfe8 23. Rfc1 c3 24. Nf3 Rec8 25. Rc2 Nc4 26. Bxe7 Na3 27. Rbc1 Nxc2
28. Rxc2 Rb6 29. Bg5 b3 30. axb3 Rxb3 31. Bc1 Re8 32. Ne1 Nc5 33. f3 f5 34. Nd3
Nxd3 35. Qxd3 fxe4 36. fxe4 Qb5 37. Qf3 Rf8 38. Qd1 Rb1 39. Qg4 Qd3 40. Ra2
Rxc1 0-1

[Event "Paul Keres mem (34th)"]
[Site "New Westminster CAN"]
[Date "2009.05.16"]
[Round "1.5"]
[White "Lee, Vicente jr."]
[Black "Cheng, Jack"]
[Result "1-0"]
[WhiteElo "2354"]
[BlackElo "2038"]
[PlyCount "57"]
[EventDate "2009.05.15"]
[EventType "swiss"]
[EventRounds "7"]
[EventCountry "CAN"]

1. c4 Nf6 2. Nc3 g6 3. e4 d6 4. g3 Bg7 5. Bg2 O-O 6. Nge2 e5 7. O-O c5 8. d3
Nc6 9. h3 Nd4 10. f4 Bd7 11. Be3 Ne8 12. Qd2 Nc7 13. g4 Bc6 14. f5 f6 15. Ng3
g5 16. Kf2 Kf7 17. h4 h6 18. Rh1 Rh8 19. Rh3 Qe7 20. Rah1 a6 21. Nh5 b5 22. Ne2
Nxe2 23. Kxe2 Raf8 24. Bf3 b4 25. Kd1 Qd8 26. Qh2 a5 27. hxg5 hxg5 28. Nxg7
Kxg7 29. Rh7+ 1-0

[Event "Paul Keres mem (34th)"]
[Site "New Westminster CAN"]
[Date "2009.05.16"]
[Round "3.2"]
[White "Gentes, Kevin"]
[Black "Lee, Vicente jr."]
[Result "1/2-1/2"]
[WhiteElo "2240"]
[BlackElo "2354"]
[PlyCount "58"]
[EventDate "2009.05.15"]
[EventType "swiss"]
[EventRounds "7"]
[EventCountry "CAN"]

1. Nf3 d5 2. c4 e6 3. g3 Nf6 4. Bg2 Be7 5. O-O O-O 6. b3 b6 7. Bb2 Bb7 8. e3
Nbd7 9. Qe2 dxc4 10. bxc4 Nc5 11. Ne5 Bxg2 12. Kxg2 Bd6 13. Qf3 Bxe5 14. Bxe5
Nfd7 15. Bc3 Nd3 16. Na3 N7c5 17. Qc6 Qd6 18. Qxd6 cxd6 19. Kf3 e5 20. Ke2 Rfd8
21. f3 d5 22. cxd5 Rxd5 23. e4 Rd7 24. Nc4 f6 25. Ne3 Na4 26. Nd5 Ndc5 27. Rac1
Nxc3+ 28. Rxc3 Kf7 29. Rfc1 Rad8 1/2-1/2

[Event "Grand Pacific op"]
[Site "Victoria CAN"]
[Date "2009.04.11"]
[Round "3"]
[White "Lee, Vicente jr."]
[Black "Cheng, Jack"]
[Result "1/2-1/2"]
[WhiteElo "2352"]
[BlackElo "1977"]
[PlyCount "77"]
[EventDate "2009.04.10"]
[EventType "swiss"]
[EventRounds "6"]
[EventCountry "CAN"]

1. e4 e5 2. Nf3 Nc6 3. Bb5 a6 4. Ba4 Nf6 5. O-O b5 6. Bb3 Bb7 7. Re1 Bc5 8. c3
d6 9. d4 Bb6 10. a4 O-O 11. Na3 exd4 12. cxd4 Re8 13. Bg5 h6 14. Bxf6 Qxf6 15.
Bd5 Rab8 16. Nc2 Nxd4 17. a5 Nxf3+ 18. Qxf3 Qxf3 19. gxf3 Bc5 20. Ba2 b4 21.
Bb3 Bc6 22. Rac1 Bb5 23. Kg2 Re7 24. Red1 Re5 25. Rd2 Rg5+ 26. Kh1 Bd7 27. Ne3
Be6 28. Bd1 Bxe3 29. fxe3 Rc5 30. Ra1 Rbb5 31. Ra4 Rc1 32. Kg2 Rg5+ 33. Kf2 Bh3
34. Ke2 Rg1 35. Rxb4 Bf1+ 36. Kf2 Rg2+ 37. Ke1 Rg1 38. Kf2 Rg2+ 39. Ke1 1/2-1/2

[Event "Grand Pacific op"]
[Site "Victoria CAN"]
[Date "2009.04.12"]
[Round "4"]
[White "Lee, Vicente jr."]
[Black "Bacon, Craig"]
[Result "1-0"]
[WhiteElo "2352"]
[BlackElo "1863"]
[PlyCount "69"]
[EventDate "2009.04.10"]
[EventType "swiss"]
[EventRounds "6"]
[EventCountry "CAN"]

1. d4 Nf6 2. Nf3 g6 3. c4 Bg7 4. Nc3 O-O 5. e4 d6 6. Be2 Bg4 7. Be3 Nc6 8. O-O
Qd7 9. Rc1 Bxf3 10. Bxf3 e5 11. d5 Ne7 12. c5 Ne8 13. Be2 a6 14. Qb3 dxc5 15.
Qxb7 Nd6 16. Qb3 f5 17. f3 Rfb8 18. Qc2 c4 19. Nd1 c6 20. dxc6 Nxc6 21. Bxc4+
Kh8 22. Qd2 Nd4 23. Bd5 Ra7 24. Nc3 fxe4 25. fxe4 Qg4 26. h3 Qh5 27. Rf2 Rc7
28. Rcf1 Rcc8 29. Qd3 N6b5 30. a4 Nxc3 31. bxc3 Rxc3 32. Qxc3 Ne2+ 33. Rxe2
Qxe2 34. Bh6 Bxh6 35. Qxe5+ 1-0

[Event "Grand Pacific op"]
[Site "Victoria CAN"]
[Date "2009.04.12"]
[Round "5"]
[White "Pitre, Hanniegn"]
[Black "Lee, Vicente jr."]
[Result "0-1"]
[WhiteElo "1950"]
[BlackElo "2352"]
[PlyCount "70"]
[EventDate "2009.04.10"]
[EventType "swiss"]
[EventRounds "6"]
[EventCountry "CAN"]

1. e4 c5 2. Nf3 Nc6 3. d4 cxd4 4. Nxd4 Nf6 5. Nc3 d6 6. Be2 e5 7. Nf5 d5 8.
exd5 Bxf5 9. dxc6 bxc6 10. O-O Qc7 11. Bd3 Bg4 12. Qd2 Be7 13. Re1 O-O 14. Qg5
Rae8 15. Ne4 Nxe4 16. Qxg4 Nc5 17. Bf5 Rd8 18. Bh6 Bf6 19. Re3 Rd4 20. Bxh7+
Kxh7 21. f4 Qd7 22. Qxd7 Nxd7 23. Bg5 Bxg5 24. fxg5 Rb8 25. b3 Kg6 26. c3 Rd2
27. h4 Rh8 28. Re4 f5 29. Rc4 f4 30. Rxc6+ Kf5 31. g3 Kg4 32. gxf4 exf4 33. Rc4
Ne5 34. Re4 Nf3+ 35. Kf1 Rxh4 0-1

[Event "Grand Pacific op"]
[Site "Victoria CAN"]
[Date "2009.04.13"]
[Round "6"]
[White "Lee, Vicente jr."]
[Black "Davies, Noam"]
[Result "1-0"]
[WhiteElo "2352"]
[BlackElo "2210"]
[PlyCount "68"]
[EventDate "2009.04.10"]
[EventType "swiss"]
[EventRounds "6"]
[EventCountry "CAN"]

1. e4 c5 2. Nc3 e6 3. Nf3 a6 4. d4 cxd4 5. Nxd4 Qc7 6. Bd3 Nf6 7. Qe2 d6 8. O-O
b5 9. a4 b4 10. Na2 d5 11. e5 Nfd7 12. Re1 Nc6 13. Nxc6 Qxc6 14. Bg5 Bb7 15.
Qg4 Qxa4 16. Bd2 h5 17. Qg5 Qc6 18. Nxb4 Qb6 19. c3 Be7 20. Qg3 a5 21. Nc2 Nc5
22. Be3 Qc7 23. Bb5+ Bc6 24. Nd4 Bxb5 25. Nxb5 Qc6 26. Nd4 Qb7 27. Qxg7 Kd7 28.
Qxf7 Raf8 29. Qg6 Rhg8 30. Qxh5 Nd3 31. Red1 Qxb2 32. Qh3 Nxf2 33. Qxe6+ Ke8
34. Qc6+ Kf7 1-0

[Event "Labour Day op"]
[Site "Langley CAN"]
[Date "2007.09.01"]
[Round "1"]
[White "Lee, Vicente jr."]
[Black "Davidson, Brian"]
[Result "1-0"]
[WhiteElo "2344"]
[BlackElo "1776"]
[PlyCount "83"]
[EventDate "2007.09.01"]
[EventType "swiss"]
[EventRounds "6"]
[EventCountry "CAN"]

1. e4 c5 2. Nf3 d6 3. d4 cxd4 4. Nxd4 Nf6 5. Nc3 a6 6. Be2 e5 7. Nb3 Be7 8. Bg5
Nc6 9. Bxf6 Bxf6 10. Nd5 Be6 11. O-O Bxd5 12. Qxd5 Qc7 13. c3 O-O 14. Rfd1 Rad8
15. a4 Ne7 16. Qc4 Qxc4 17. Bxc4 Rc8 18. Be2 Rfd8 19. Na5 Rc7 20. Rd3 Ng6 21.
g3 b6 22. Nb3 a5 23. Rd5 Be7 24. Rb5 Rc6 25. Nd2 Rdc8 26. Bg4 R8c7 27. h4 Nf8
28. Nf1 Rb7 29. Ne3 Rc5 30. Nd5 Rxb5 31. axb5 Ne6 32. Kg2 g6 33. Be2 Kg7 34.
Bc4 Nf8 35. b4 Bd8 36. bxa5 bxa5 37. Rd1 Nd7 38. Ne3 Rb6 39. Bd5 Nc5 40. Bc6
Bc7 41. Nd5 Rxc6 42. bxc6 1-0

[Event "Labour Day op"]
[Site "Langley CAN"]
[Date "2007.09.02"]
[Round "3"]
[White "Lee, Vicente jr."]
[Black "Kyriakides, Savvas"]
[Result "1-0"]
[WhiteElo "2344"]
[BlackElo "2012"]
[PlyCount "61"]
[EventDate "2007.09.01"]
[EventType "swiss"]
[EventRounds "6"]
[EventCountry "CAN"]

1. d4 Nf6 2. c4 e5 3. dxe5 Ng4 4. Nf3 Bc5 5. e3 Nc6 6. a3 a5 7. b3 Qe7 8. Bb2
Ncxe5 9. Nxe5 Nxe5 10. Nc3 c6 11. Ne4 O-O 12. Nxc5 Qxc5 13. Qd2 Re8 14. Be2 Ng6
15. Qc3 Qe5 16. Qxe5 Nxe5 17. Rd1 f6 18. f4 Ng6 19. Kf2 Nf8 20. f5 d5 21. g4
dxc4 22. Bxc4+ Kh8 23. a4 Nd7 24. h4 Rb8 25. Bd4 b5 26. Bf7 Re7 27. Be6 Nf8 28.
Bc5 Re8 29. Bf7 Nd7 30. Bxe8 Nxc5 31. Bxc6 1-0

[Event "Labour Day op"]
[Site "Langley CAN"]
[Date "2007.09.02"]
[Round "4"]
[White "Scoones, Dan"]
[Black "Lee, Vicente jr."]
[Result "1/2-1/2"]
[WhiteElo "2254"]
[BlackElo "2344"]
[PlyCount "109"]
[EventDate "2007.09.01"]
[EventType "swiss"]
[EventRounds "6"]
[EventCountry "CAN"]

1. Nf3 Nf6 2. c4 e6 3. g3 b6 4. d4 Bb7 5. Bg2 Bb4+ 6. Bd2 Bxd2+ 7. Nbxd2 c5 8.
Nb3 Qc7 9. dxc5 bxc5 10. Qd2 a5 11. Qg5 O-O 12. Qxc5 Nc6 13. Nbd2 d6 14. Qe3
Nb4 15. Qc3 Ne4 16. Nxe4 Bxe4 17. O-O Rfc8 18. Nd2 Bxg2 19. Kxg2 d5 20. Rfc1
dxc4 21. Nxc4 Nd5 22. Qd4 Rab8 23. e4 Nf6 24. b3 Rd8 25. Qe5 Qxe5 26. Nxe5 Rb5
27. Nc6 Ra8 28. Rc4 h5 29. f3 Nd7 30. Rac1 g6 31. Rd4 Ne5 32. Nxe5 Rxe5 33.
Rdc4 Kg7 34. Kf2 Rb5 35. Ke3 Kf6 36. f4 Rb7 37. Rc7 Rb5 38. R7c5 Rb4 39. R5c4
Rb5 40. Rc7 g5 41. Rd7 Re8 42. Rcc7 Rf8 43. Rb7 Rxb7 44. Rxb7 gxf4+ 45. gxf4
Rc8 46. Rb5 Rc2 47. Rxa5 Rxh2 48. Kf3 h4 49. b4 Rb2 50. a3 h3 51. Kg3 h2 52.
Rh5 Ra2 53. e5+ Kg6 54. Rxh2 Rxa3+ 55. Kg4 1/2-1/2

[Event "Labour Day op"]
[Site "Langley CAN"]
[Date "2007.09.03"]
[Round "6"]
[White "Leblanc, Paul"]
[Black "Lee, Vicente jr."]
[Result "0-1"]
[WhiteElo "1943"]
[BlackElo "2344"]
[PlyCount "60"]
[EventDate "2007.09.01"]
[EventType "swiss"]
[EventRounds "6"]
[EventCountry "CAN"]

1. d4 d5 2. g3 Nf6 3. Bg2 c6 4. Nf3 Bf5 5. O-O e6 6. c4 Nbd7 7. Nc3 h6 8. Nd2
Be7 9. e4 dxe4 10. Ndxe4 O-O 11. Qe2 Nxe4 12. Nxe4 Nf6 13. Rd1 Bxe4 14. Bxe4
Nxe4 15. Qxe4 Bf6 16. Be3 Qa5 17. d5 cxd5 18. cxd5 exd5 19. Rxd5 Qa6 20. Qb4 b6
21. Rf5 Qc8 22. Rd5 Rd8 23. Rad1 Rxd5 24. Rxd5 Qc2 25. Rd2 Qb1+ 26. Kg2 Qxa2
27. b3 Qb1 28. Rd7 Qf5 29. Qa4 b5 30. Rxa7 Qd5+ 0-1

[Event "Alberta Closed"]
[Site "Edmonton CAN"]
[Date "2007.04.07"]
[Round "1"]
[White "Lee, Vicente jr."]
[Black "Mitrovic, Sinisa"]
[Result "1-0"]
[WhiteElo "2340"]
[BlackElo "2280"]
[PlyCount "103"]
[EventDate "2007.04.06"]
[EventType "tourn"]
[EventRounds "5"]
[EventCountry "CAN"]

1. d4 d5 2. c4 c6 3. Nc3 Nf6 4. Nf3 g6 5. Bf4 Bg7 6. e3 O-O 7. h3 Qb6 8. a3 Ne4
9. Na4 Qa5+ 10. b4 Qd8 11. Bd3 f5 12. O-O e6 13. Ne5 Nd7 14. Nxd7 Qxd7 15. Nc5
Qe7 16. Qc2 g5 17. Bh2 h5 18. f3 Nxc5 19. bxc5 e5 20. cxd5 cxd5 21. e4 dxe4 22.
fxe4 f4 23. d5 g4 24. hxg4 hxg4 25. g3 Bh6 26. Rae1 f3 27. Rf2 b6 28. d6 Qf6
29. Bc4+ Be6 30. c6 Rac8 31. c7 Kh7 32. Bxe6 Qxe6 33. Qd3 Rf7 34. Rd1 Rd7 35.
Rc2 Bf8 36. Rc6 Kg8 37. Qa6 Qa2 38. Qf1 Rh7 39. Qf2 Qe6 40. Rd5 Rd7 41. Qd2 Bh6
42. Qd3 Bf8 43. Qa6 Rxd6 44. Rdxd6 Bxd6 45. Rxd6 Qxd6 46. Qxc8+ Kh7 47. Qd8
Qc5+ 48. Kh1 Qf2 49. Qh4+ Kg7 50. Qxg4+ Kh7 51. Qh3+ Kg7 52. c8=Q 1-0

[Event "Alberta Closed"]
[Site "Edmonton CAN"]
[Date "2007.04.07"]
[Round "2"]
[White "Lee, Vicente jr."]
[Black "Kaminski, Victor"]
[Result "0-1"]
[WhiteElo "2340"]
[BlackElo "2301"]
[PlyCount "128"]
[EventDate "2007.04.06"]
[EventType "tourn"]
[EventRounds "5"]
[EventCountry "CAN"]

1. e4 e6 2. d4 d5 3. e5 c5 4. c3 Nc6 5. Nf3 Qb6 6. a3 Bd7 7. Be2 Rc8 8. O-O
cxd4 9. cxd4 Nge7 10. Nc3 Na5 11. Bd3 Nb3 12. Nb5 Bxb5 13. Qxb3 Bc4 14. Qd1 Qa6
15. Bxc4 dxc4 16. Ng5 Qc6 17. Qh5 g6 18. Qh3 Nf5 19. Nf3 h5 20. Re1 Qd5 21. Bg5
Bh6 22. Bxh6 Rxh6 23. Rac1 Kf8 24. Red1 Kg7 25. Ng5 Rhh8 26. Rd2 b5 27. Qc3
Rhd8 28. Rcd1 Rd7 29. f3 Rcd8 30. Ne4 Qc6 31. a4 bxa4 32. Nf6 Rxd4 33. Rxd4
Rxd4 34. Rxd4 Qc5 35. Qxc4 Qxd4+ 36. Qxd4 Nxd4 37. Kf2 Nb5 38. Ke3 a3 39. bxa3
Nxa3 40. Kd3 Nb5 41. h4 a5 42. Kc4 a4 43. Ne4 a3 44. Kb3 Kf8 45. Nc3 Nd4+ 46.
Kxa3 Nc2+ 47. Kb3 Ne1 48. g3 Nxf3 49. Kc4 Nxe5+ 50. Kd4 Ng4 51. Ke4 Ke7 52. Kf4
f6 53. Ne4 e5+ 54. Kf3 Ke6 55. Nc5+ Kd5 56. Nd7 Kd6 57. Nb6 Ke6 58. Ke4 Nh6 59.
Kf3 Kf5 60. Nd5 g5 61. Ne7+ Ke6 62. Nc6 gxh4 63. gxh4 Nf5 64. Ke4 Nxh4 0-1

[Event "Alberta Closed"]
[Site "Edmonton CAN"]
[Date "2007.04.07"]
[Round "3"]
[White "Reeve, Jeff"]
[Black "Lee, Vicente jr."]
[Result "1-0"]
[WhiteElo "2310"]
[BlackElo "2340"]
[PlyCount "51"]
[EventDate "2007.04.06"]
[EventType "tourn"]
[EventRounds "5"]
[EventCountry "CAN"]

1. e4 c5 2. Nf3 d6 3. d4 cxd4 4. Nxd4 Nf6 5. Nc3 a6 6. Bg5 e6 7. f4 Qb6 8. Qd2
Qxb2 9. Rb1 Qa3 10. e5 dxe5 11. fxe5 Nfd7 12. Ne4 h6 13. Bh4 Qa4 14. Be2 g5 15.
Bg3 Nc6 16. c3 Be7 17. Nd6+ Bxd6 18. exd6 e5 19. Nxc6 Qxc6 20. O-O O-O 21. h4
f6 22. Kh2 Kg7 23. Rb4 Re8 24. Rc4 Nc5 25. Bh5 Bd7 26. Qf2 1-0

[Event "Alberta Closed"]
[Site "Edmonton CAN"]
[Date "2007.04.08"]
[Round "4"]
[White "Lee, Vicente jr."]
[Black "Neven, Knut"]
[Result "1-0"]
[WhiteElo "2340"]
[BlackElo "2307"]
[PlyCount "137"]
[EventDate "2007.04.06"]
[EventType "tourn"]
[EventRounds "5"]
[EventCountry "CAN"]

1. e4 e6 2. d4 d5 3. Nc3 Bb4 4. e5 c5 5. a3 Bxc3+ 6. bxc3 Qc7 7. Nf3 Ne7 8. a4
b6 9. a5 bxa5 10. Be2 O-O 11. O-O Ba6 12. Bxa6 Nxa6 13. Qd3 c4 14. Qe3 h6 15.
Ba3 Nb8 16. Nh4 Nbc6 17. f4 f5 18. Kh1 Rf7 19. h3 Kh7 20. g4 g6 21. Qg3 Qd8 22.
gxf5 Rxf5 23. Rg1 Qg8 24. Rab1 Rf7 25. Qg4 Nf5 26. Nxf5 exf5 27. Qf3 Rd7 28.
Bd6 Re8 29. Rb5 Ne7 30. Rxa5 Nc8 31. Bb4 Nb6 32. Rga1 Qf7 33. Bc5 Rg8 34. Ra6
g5 35. Bxb6 axb6 36. Rxb6 g4 37. Qg3 Ra7 38. Rab1 gxh3 39. Qxh3 Rg6 40. Rxg6
Qxg6 41. Rg1 Qf7 42. Rg5 Ra1+ 43. Kg2 Rc1 44. Qxf5+ Qxf5 45. Rxf5 Rxc2+ 46. Kf1
Kg6 47. Rf6+ Kg7 48. f5 Rxc3 49. Ke2 Rd3 50. Rg6+ Kh7 51. Rg4 h5 52. Rf4 Ra3
53. f6 Ra2+ 54. Kd1 Kg8 55. Rf5 Ra1+ 56. Kc2 Ra2+ 57. Kb1 Re2 58. Rg5+ Kf8 59.
Rxh5 Re1+ 60. Kc2 Re2+ 61. Kc3 Re3+ 62. Kb4 c3 63. Rh8+ Kf7 64. Rh7+ Kf8 65.
Kb3 Ke8 66. Rc7 Rd3 67. f7+ Kf8 68. e6 Rf3 69. Rc8+ 1-0